JOURNAL OF EXPERIMENTAL BIOLOGY (Record no. 1096)
[ view plain ]
| 000 -LEADER | |
|---|---|
| fixed length control field | 00416nam a2200145Ia 4500 |
| 022 ## - INTERNATIONAL STANDARD SERIAL NUMBER | |
| ISSN | 0022-0949 |
| 245 #0 - TITLE STATEMENT | |
| Title | JOURNAL OF EXPERIMENTAL BIOLOGY |
| 260 ## - PUBLICATION, DISTRIBUTION, ETC. (IMPRINT) | |
| Name of publisher | Company of Biologists Ltd., Essex, England |
| Place of publication | UK |
| 310 ## - CURRENT PUBLICATION FREQUENCY | |
| Current publication frequency | 7/y |
| 500 ## - GENERAL NOTE | |
| General note | Ending Volume & Year: 44, 1966 |
| 500 ## - GENERAL NOTE | |
| General note | Missing Volume: 43(4) |
| 500 ## - GENERAL NOTE | |
| General note | Starting Volume & Year: 35, 1958 |
| 942 ## - ADDED ENTRY ELEMENTS (KOHA) | |
| Koha item type | Bound Journal |
| Withdrawn status | Lost status | Damaged status | Not for loan | Home library | Current library | Date acquired | Accession Number | Koha item type |
|---|---|---|---|---|---|---|---|---|
| Bound journals | RRII Library | RRII Library | 31/12/2021 | 01086J | Bound Journal |